000
00254nam a2200097Ia 4500
005
20250424112911.0
008
250424s9999 xx 000 0 und d
300
_a
v, 175 p. :ill. ; 29 cm.
650
_a
Science. Technology. Research--Nigeria.
942
_c
SR
999
_c
37777
_d
37777